[Event "Landesliga U20 Sued 1516"]
[Site "Bayern"]
[Date "2016.01.23"]
[Round "5.1"]
[White "Boneberger, Tobias"]
[Black "Huber, Benedikt"]
[Result "0-1"]
[WhiteElo "1677"]
[BlackElo "1858"]
[PlyCount "70"]
[EventDate "2015.11.21"]
[EventType "team-tourn"]
[EventRounds "7"]
[EventCountry "GER"]
[SourceTitle "EXT 2022"]
[Source "ChessBase"]
[SourceDate "2021.10.06"]
[SourceVersion "1"]
[SourceVersionDate "2021.10.06"]
[SourceQuality "1"]
[WhiteTeam "Fuerstenfeldbruck TuS U20"]
[BlackTeam "Muenchen Suedost SK U20 II"]
[WhiteTeamCountry "GER"]
[BlackTeamCountry "GER"]

1. e4 e6 2. d4 d5 3. exd5 exd5 4. Bd3 Nc6 5. c3 Bd6 6. Ne2 Nge7 7. Bf4 Bg4 8. Bxd6 Qxd6 9. 0-0 0-0-0 10. Nd2 Ng6 11. f3 Bd7 12. b4 Nf4 13. Nxf4 Qxf4 14. Nb3 Rhe8 15. Qc2 Ne7 16. a4 Nf5 17. Rf2 Ne3 18. Qb1 Re7 19. a5 Rde8 20. Nc5 Bf5 21. b5 Bxd3 22. Qxd3 Nc4 23. g3 Re1+ 24. Rxe1 Rxe1+ 25. Rf1 Qe3+ 26. Qxe3 Rxe3 27. a6 b6 28. Na4 Na3 29. Kf2 Re6 30. Re1 Rxe1 31. Kxe1 Nxb5 32. Kd2 c6 33. Nb2 Nc7 34. Nd3 f6 35. Nf4 g6 0-1

[Event "Landesliga U20 Sued 1516"]
[Site "Bayern"]
[Date "2015.12.19"]
[Round "3.1"]
[White "Chiozzi, Filippo"]
[Black "Boneberger, Tobias"]
[Result "1-0"]
[WhiteElo "1595"]
[BlackElo "1677"]
[PlyCount "71"]
[EventDate "2015.11.21"]
[EventType "team-tourn"]
[EventRounds "7"]
[EventCountry "GER"]
[SourceTitle "EXT 2022"]
[Source "ChessBase"]
[SourceDate "2021.10.06"]
[SourceVersion "1"]
[SourceVersionDate "2021.10.06"]
[SourceQuality "1"]
[WhiteTeam "Forstenried U20"]
[BlackTeam "Fuerstenfeldbruck TuS U20"]
[WhiteTeamCountry "GER"]
[BlackTeamCountry "GER"]

1. a3 d5 2. d4 Bf5 3. Nf3 Nf6 4. Bf4 e6 5. e3 Nh5 6. Bg5 Nf6 7. Nbd2 h6 8. Bh4 Nbd7 9. Be2 Bd6 10. Bg3 Be7 11. 0-0 0-0 12. Re1 Ne4 13. Nxe4 Bxe4 14. Nd2 Bh7 15. c4 c6 16. Rc1 Nf6 17. Qb3 Qd7 18. h3 Ne4 19. Nxe4 Bxe4 20. Rc3 Bh7 21. Rec1 f5 22. Bh2 Bf6 23. Re1 Rf7 24. cxd5 exd5 25. Bf3 Raf8 26. Rf1 Be7 27. Be5 g5 28. Bh5 Rf6 29. Bxf6 Rxf6 30. Be2 Bd6 31. Rcc1 Bb8 32. Rc3 Qc7 33. g3 h5 34. Bxh5 Rh6 35. Qd1 Qd7 36. f4 1-0

[Event "Landesliga U20 Sued 1516"]
[Site "Bayern"]
[Date "2015.11.21"]
[Round "1.1"]
[White "Eichler, Alexander"]
[Black "Boneberger, Tobias"]
[Result "0-1"]
[WhiteElo "1761"]
[BlackElo "1677"]
[PlyCount "32"]
[EventDate "2015.11.21"]
[EventType "team-tourn"]
[EventRounds "7"]
[EventCountry "GER"]
[SourceTitle "EXT 2022"]
[Source "ChessBase"]
[SourceDate "2021.10.06"]
[SourceVersion "1"]
[SourceVersionDate "2021.10.06"]
[SourceQuality "1"]
[WhiteTeam "Muenchen Tarrasch U20"]
[BlackTeam "Fuerstenfeldbruck TuS U20"]
[WhiteTeamCountry "GER"]
[BlackTeamCountry "GER"]

1. e4 e6 2. d4 d5 3. Nc3 Bb4 4. e5 c5 5. a3 cxd4 6. axb4 dxc3 7. bxc3 Ne7 8. Be3 Qc7 9. Bd4 Nbc6 10. Bb5 Bd7 11. Nf3 Nxe5 12. Bxd7+ Nxd7 13. Rxa7 Rxa7 14. Bxa7 h6 15. Qa1 Nc6 16. c4 0-0 0-1